| 000 | 01209nam a22002537a 4500 | ||
|---|---|---|---|
| 005 | 20170124103210.0 | ||
| 010 | _a779123 | ||
| 020 | _c20.00 | ||
| 035 | _a779123 | ||
| 037 | _bCen Lib/Ret | ||
| 040 |
_aDPL _bHN |
||
| 082 |
_a321.820954 _bश्रीवास्त |
||
| 100 |
_aश्रीवास्तव, शंकर दयालु _992550 |
||
| 245 |
_aभारतीय लोकतंत्र समस्याए और समाधान / _cशंकर दयालु श्रीवास्तव |
||
| 246 |
_aBhartiye loktantra samaseyan aur samadhan / _bby Shankar Dyalu Shrivastava |
||
| 260 |
_aइलाहाबाद _bसंगम प्रकाशन _c1975 |
||
| 270 |
_a124, शहराराबाग _bइलाहाबाद |
||
| 300 |
_a239पृ. _c21सेमी(सजिल्द) |
||
| 650 |
_aप्राचीन भारत में लोकतंत्र _996279 |
||
| 650 |
_aभारतीय संविधान और लोकतंत्र _985758 |
||
| 650 |
_aDemocracy in ancient India _996280 |
||
| 650 |
_aConstitution and Democracy _996281 |
||
| 942 |
_2ddc _cHN _h321.820954 _mश्रीवास्त |
||
| 999 |
_c121299 _d121299 |
||